| 000 | 01897nam a22003977a 4500 | ||
|---|---|---|---|
| 003 | DO-SdBNP | ||
| 005 | 20250715122015.0 | ||
| 007 | ta | ||
| 008 | 210909e2021 aod|gr|||| 001 e spa d | ||
| 020 | _a9789945629033 | ||
| 040 |
_aDO-SdBNP _bspa _cBNPHU |
||
| 082 | 4 |
_222 _a382 _bB213e |
|
| 110 | 2 |
_aBanco Central de la República Dominicana _983405 |
|
| 245 | 1 |
_aEstudio económico mercado fronterizo domínico-haitiano, 2014 - 2018 / _cEdición, Letty Gutiérrez y José Vidal; prólogo, Héctor Valdez Albizu |
|
| 260 |
_aSanto Domingo : _bBanco Central de la República Dominicana, _c2021 |
||
| 300 |
_a154 p. : _bil.; fot., gráf. ; _c27 cm |
||
| 500 | _aIncluye índice | ||
| 500 | _aIncluye Glosario de términos. | ||
| 500 | _aAnexos estadísticos p. A-12 - A 619. | ||
| 504 | _aBibliográfia : p.147 - 148 | ||
| 505 | 1 |
_av.1 Estudio económico -- _tCapítulo 1. Antecedentes -- _tCapítulo 2. Aspectos Metodológicos -- _tCapítulo 3. Resultados del estudio económico del mercado binacional Zona Fronteriza Domínico- Haitiano para el año 2017-- _tCapítulo 4. Perfiles vendedores, compradores y transportistas -- |
|
| 505 | 0 | _av.2. Anexos estadístico -- | |
| 590 | _aInventariado, 2021 S/A | ||
| 650 | 4 |
_aMercado de exportación _y2014-2018. _zRepública Dominicana _979793 |
|
| 650 | 4 |
_aAnálisis de mercadeo _y2014-2018 _zRepública Dominicana _979794 |
|
| 650 | 4 |
_aMercado de exportación _y2014-2018 _zHaití _979795 |
|
| 650 | 4 |
_931866 _aComercio _xEstadística _y2014-2018. _zHaiti |
|
| 650 | 4 |
_aComercio _xEstadísticas _y2014-2018 _zRepública Dominicana _979796 |
|
| 650 | 4 | 0 |
_aEstadística comercial _zRepública Dominicana _94648 |
| 690 |
_2 _aAnálisis de mercadeo. _979797 |
||
| 700 | 1 |
_aGutiérrez, Letty, _eed. _983147 |
|
| 700 | 1 |
_92046 _aVidal, José, _eed. |
|
| 700 | 1 |
_aValdez Albizu, Héctor, _d1947- _912322 |
|
| 910 | _aSaquino | ||
| 942 |
_2ddc _cLBS1 |
||
| 999 |
_c50454 _d50454 |
||